000 00315nam a2200121Ia 4500
003 GCL
008 140319s9999 xx 000 0 ara d
040 _aGCL /
_cGCL
082 0 4 _aم
_b920.71
_bم ح
245 1 0 _aحياة عمر المختار, ط5
260 _a[S.N] :
_bدار الجيل ،
_c1989
300 _a198 ص
999 _c59217
_d59217